| 000 | 00493nam a2200193Ia 4500 | ||
|---|---|---|---|
| 005 | 20240823005706.0 | ||
| 008 | 240823s9999||||xx |||||||||||||| ||und|| | ||
| 041 | _aENGLISH | ||
| 082 | _A005.133 N8 | ||
| 100 | _a"Bruyn,Gareth M de" | ||
| 245 | 0 | _aIntroduction to ABAP/4 Programming for SAP | |
| 250 | _a1st | ||
| 260 |
_c1998 _b"Galgotia,New Delhi" |
||
| 500 | _aTRANSFERED | ||
| 650 |
_aSAP _bInformation Technology |
||
| 700 | _a" Lyfareff,Robert" | ||
| 942 | _cBK | ||
| 999 |
_c156457 _d156457 |
||